| 000 | nam a22 7a 4500 | ||
|---|---|---|---|
| 999 |
_c63697 _d63697 |
||
| 005 | 20220112175852.0 | ||
| 008 | 220112b xxu||||| |||| 00| 0 eng d | ||
| 040 | _aANE | ||
| 041 | _aEs | ||
| 100 | _aPamela Aguirre Castro | ||
| 245 | _a Revista El estándar de la reparación integral | ||
| 300 | _a23 p. | ||
| 856 | _uhttp://documentacion.asambleanacional.gob.ec/alfresco/d/d/workspace/SpacesStore/926eea18-258f-4b8d-9718-ef791ecc02b7/Revista%20El%20est%c3%a1ndar%20de%20la%20reparaci%c3%b3n%20integral.pdf | ||
| 942 |
_2ddc _cBV _zNr. |
||